000 00485nam a2200181Ia 4500
003 GCL
008 140319s9999 xx 000 0 ara d
040 _aGCL /
_cGCL
082 0 4 _aط
_b64905
_bس م
100 1 _aسوفنير
245 1 0 _aمن هو? : كلمات متقاطعة /
_cسوفنير
300 _a87 ص
490 _aعلم الكلمات المتقاطعة
_v0
650 0 4 _aالاطفال
650 0 4 _aالترفيه
650 0 4 _aالتسالى
942 _2ddc
_cBK
999 _c51395
_d51395